Posudok k prekladu poviedky Uliho Rothfussa: "Bist du der Elch? Auf der Spur des Glücks" autorky Márie Bielikovej

Saved in:
Bibliographic Details
Main Author: Pospíšilová, Jana, 1950-
Format: Book Chapter
Language:German
Tags: Add Tag
No Tags, Be the first to tag this record!

MARC

LEADER 00000naa$a2200000$$$4500
001 0161520
005 20240502083359.0
041 0 |a ger 
044 |a DE 
245 1 0 |a Posudok k prekladu poviedky Uliho Rothfussa: "Bist du der Elch? Auf der Spur des Glücks" autorky Márie Bielikovej  |c Jana Pospíšilová 
100 1 |a Pospíšilová, Jana, 1950-